Pokémon - Quiz des capacités - Statistiques

Statistiques générales
  • Ce quiz a été pris 232 fois
    220 depuis la dernière actualisation
  • Le résultat moyen est 76 sur 255
Statistiques - réponses
Groupe Type de quiz Réponse % Correct
Capacités d'envol Vol Vol
83%
Capacités secrètes Vol Vol
83%
Capacités à priorité Normal Vive-Attaque
79%
Capacités à plusieurs coups Plante Balle Graine
77%
Capacités à balles Plante Balle Graine
77%
Capacités d'envol Eau Plongée
75%
Capacités secrètes Eau Plongée
75%
Capacités à priorité Ténèbres Coup Bas
74%
Capacités secrètes Normal Coupe
74%
Capacités "OHKO" (K.O. en un coup) Sol Abîme
73%
Capacités de contre-envol Sol Abîme
73%
Capacités "OHKO" (K.O. en un coup) Glace Glaciation
73%
Capacités à mâchoires Ténèbres Mâchouille
73%
Capacités à mâchoires Ténèbres Morsure
71%
Capacités de contre-envol Eau Surf
71%
Capacités secrètes Eau Surf
71%
Capacités à poings Glace Poing Glace
69%
Capacités d'envol Sol Tunnel
69%
Capacités secrètes Eau Cascade
68%
Capacités à mâchoires Feu Crocs Feu
68%
Capacités secrètes Normal Force
67%
Capacités secrètes Combat Éclate-Roc
66%
Capacités "OHKO" (K.O. en un coup) Normal Guillotine
66%
Capacités à priorité Combat Mach Punch
66%
Capacités à poings Combat Mach Punch
66%
Capacités de climat Glace Grêle
65%
Capacités de climat Feu Zénith
65%
Capacités à poings Électrik Poing Éclair
63%
Capacités à priorité Normal Abri
60%
Capacités à contrecoup Feu Boutefeu
60%
Capacités à mâchoires Glace Crocs Givre
60%
Capacités de climat Eau Danse Pluie
60%
Capacités à mâchoires Électrik Crocs Éclair
59%
Capacités "OHKO" (K.O. en un coup) Normal Empal'Korne
59%
Capacités à priorité Acier Pisto-Poing
59%
Capacités à poings Acier Pisto-Poing
59%
Capacités à priorité Eau Aqua-Jet
56%
Capacités à contrecoup Normal Bélier
56%
Capacités à plusieurs coups Roche Boule Roc
56%
Capacités à balles Roche Boule Roc
56%
Capacités secrètes Normal Escalade
56%
Capacités à contrecoup Vol Rapace
56%
Capacités à haut taux de critiques Normal Tranche
56%
Capacités à contrecoup Normal Damoclès
55%
Capacités à poings Feu Poing de Feu
55%
Capacités bloquantes Eau Siphon
55%
Capacités de contre-envol Eau Siphon
55%
Capacités secrètes Eau Siphon
55%
Capacités de climat Sol Tempêtesable
55%
Capacités à priorité Normal Vitesse Extrême
55%
Capacités secrètes Normal Flash
53%
Capacités d'envol Vol Rebond
53%
Capacités à plusieurs coups Normal Combo-Griffe
50%
Capacités à contrecoup Électrik Électacle
50%
Capacités de contre-envol Électrik Fatal-Foudre
50%
Capacités de climat Électrik Fatal-Foudre
50%
Capacités d'envol Spectre Hantise
50%
Capacités d'envol Spectre Revenant
50%
Capacités à mâchoires Poison Crochet Venin
49%
Capacités de contre-envol Sol Séisme
49%
Capacités à poings Spectre Poing Ombre
45%
Capacités à mâchoires Psy Psycho-Croc
45%
Capacités à contrecoup Roche Fracass'Tête
43%
Capacités à contrecoup Plante Martobois
43%
Capacités à haut taux de critiques Ténèbres Tranche-Nuit
43%
Capacités de climat Vol Anti-Brume
42%
Capacités secrètes Vol Anti-Brume
42%
Capacités à plusieurs coups Insecte Dard-Nuée
42%
Capacités à priorité Normal Hurlement
42%
Capacités sonores Normal Hurlement
42%
Capacités de climat Plante Lance-Soleil
41%
Capacités sonores Normal Bang Sonique
40%
Capacités à contrecoup Électrik Éclair Fou
40%
Capacités sonores Normal Brouhaha
39%
Capacités sonores Normal Mégaphone
38%
Capacités à priorité Combat Mitra-Poing
38%
Capacités à poings Combat Mitra-Poing
38%
Capacités à poings Acier Poing Météore
38%
Capacités à balles Normal Ball'Météo
37%
Capacités de climat Normal Ball'Météo
37%
Capacités à priorité Normal Bluff
37%
Capacités à haut taux de critiques Vol Piqué
37%
Capacités à plusieurs coups Normal Torgnoles
37%
Capacités à plusieurs coups Glace Stalactite
35%
Capacités à priorité Roche Vif Roc
35%
Capacités de climat Glace Blizzard
34%
Capacités bloquantes Feu Danse Flammes
34%
Capacités à poings Normal Ultimapoing
34%
Capacités à balles Glace Ball'Glace
33%
Capacités à priorité Combat Détection
33%
Capacités sonores Normal Écho
33%
Capacités à poings Combat Vampipoing
33%
Capacités à plusieurs coups Combat Double Pied
32%
Capacités à poings Combat Dynamopoing
32%
Capacités à priorité Glace Éclats Glace
32%
Capacités à priorité Combat Onde Vide
32%
Capacités à balles Spectre Ball'Ombre
31%
Capacités bloquantes Normal Ligotage
31%
Capacités à priorité Spectre Ombre Portée
31%
Capacités à haut taux de critiques Vol Tranch'Air
31%
Capacités bloquantes Sol Tourbi-Sable
30%
Capacités de contre-envol Vol Vent Violent
30%
Capacités de climat Vol Vent Violent
30%
Capacités bloquantes Feu Vortex Magma
30%
Capacités à plusieurs coups Dragon Double Baffe
29%
Capacités à priorité Insecte Escarmouche
29%
Capacités à balles Roche Roc-Boulet
29%
Capacités sonores Eau Aria de l'Écume
28%
Capacités à plusieurs coups Combat Triple Pied
28%
Capacités bloquantes Normal Étreinte
27%
Capacités à poings Combat Marto-Poing
27%
Capacités à contrecoup Combat Sacrifice
27%
Capacités à plusieurs coups Combat Cogne
26%
Capacités sonores Électrik Overdrive
26%
Capacités à mâchoires Normal Croc de Mort
25%
Capacités à poings Combat Poing Boost
25%
Capacités de contre-envol Sol Ampleur
24%
Capacités à balles Électrik Boule Élek
24%
Capacités sonores Insecte Bourdon
24%
Capacités à haut taux de critiques Psy Coupe Psycho
24%
Capacités à haut taux de critiques Plante Lame-Feuille
24%
Capacités à poings Plante Poing Dard
24%
Capacités à haut taux de critiques Poison Poison-Croix
24%
Capacités sonores Normal Rugissement
24%
Capacités sonores Ténèbres Aboiement
23%
Capacités à priorité Poison Blockhaus
23%
Capacités bloquantes Insecte Harcèlement
23%
Capacités de climat Plante Lame Solaire
23%
Capacités à plusieurs coups Glace Triple Axel
23%
Capacités sonores Normal Chant Canon
22%
Capacités à priorité Normal Ruse
22%
Capacités à priorité Eau Sheauriken
22%
Capacités à plusieurs coups Eau Sheauriken
22%
Capacités de climat Plante Synthèse
22%
Capacités sonores Dragon Vibrécaille
22%
Capacités à haut taux de critiques Combat Coup-Croix
21%
Capacités à haut taux de critiques Spectre Griffe Ombre
21%
Capacités à plusieurs coups Normal Poing Comète
21%
Capacités à poings Normal Poing Comète
21%
Capacités à haut taux de critiques Combat Poing-Karaté
21%
Capacités à poings Combat Poing Karaté
21%
Capacités à poings Ténèbres Poing Obscur
21%
Capacités à balles Combat Aurasphère
20%
Capacités à contrecoup Fée Lumière du Néant
20%
Capacités à contrecoup Normal Peignée
20%
Capacités à plusieurs coups Normal Pilonnage
20%
Capacités à balles Normal Pilonnage
20%
Capacités à plusieurs coups Normal Plumo-Queue
20%
Capacités de contre-envol Combat Stratopercut
20%
Capacités à poings Combat Stratopercut
20%
Capacités sonores Acier Strido-Son
20%
Capacités à priorité Combat Corps Perdu
19%
Capacités à priorité Psy Distorsion
19%
Capacités sonores Normal Grincement
19%
Capacités à plusieurs coups Dragon Rafale Écailles
19%
Capacités de contre-envol Vol Tornade
19%
Capacités sonores Normal Berceuse
18%
Capacités à plusieurs coups Normal Coup Double
18%
Capacités à priorité Normal Cyclone
18%
Capacités de contre-envol Vol Cyclone
18%
Capacités à haut taux de critiques Roche Lame de Roc
18%
Capacités à plusieurs coups Normal Picanon
18%
Capacités à priorité Plante Pico-Défense
18%
Capacités sonores Vol Babil
17%
Capacités à balles Plante Canon Graine
17%
Capacités bloquantes Eau Claquoir
17%
Capacités sonores Dragon Dracacophonie
17%
Capacités à plusieurs coups Normal Furie
17%
Capacités sonores Plante Siffl'Herbe
17%
Capacités à plusieurs coups Eau Torrent de Coups
17%
Capacités à poings Eau Torrent de Coups
17%
Capacités sonores Fée Voix Enjôleuse
17%
Capacités à balles Psy Ball'Brume
16%
Capacités à balles Poison Bombe Beurk
16%
Capacités à priorité Normal Coup d'Main
16%
Capacités à mâchoires Ténèbres Croque Fort
16%
Capacités à priorité Dragon Draco-Queue
16%
Capacités à poings Glace Marteau de Glace
16%
Capacités à poings Normal Uppercut
16%
Capacités à balles Sol Boue-Bombe
15%
Capacités à plusieurs coups Insecte Double Dard
15%
Capacités à priorité Roche Garde Large
15%
Capacités à priorité Plante Gliss'Herbe
15%
Capacités à priorité Normal Par Ici
15%
Capacités à balles Feu Ballon Brûlant
14%
Capacités à balles Combat Exploforce
14%
Capacités à plusieurs coups Sol Osmerang
14%
Capacités à haut taux de critiques Plante Tranch'Herbe
14%
Capacités à priorité Psy Voile Miroir
14%
Capacités à haut taux de critiques Vol Aéroblast
13%
Capacités à priorité Glace Avalanche
13%
Capacités à balles Insecte Boule Pollen
13%
Capacités sonores Normal Chant Antique
13%
Capacités à plusieurs coups Acier Lancécrou
13%
Capacités à priorité Ténèbres Poursuite
13%
Capacités de climat Fée Rayon Lune
13%
Capacités de climat Normal Aurore
12%
Capacités à priorité Combat Riposte
12%
Capacités à priorité Acier Bouclier Royal
11%
Capacités à priorité Feu Carapiège
11%
Capacités à plusieurs coups Acier Écrous d'Poing
11%
Capacités à poings Acier Écrous d'Poing
11%
Capacités à priorité Combat Projection
11%
Capacités sonores Normal Requiem
11%
Capacités de climat Glace Voile Aurore
11%
Capacités à plusieurs coups Sol Charge-Os
10%
Capacités de climat Normal Croissance
10%
Capacités à haut taux de critiques Eau Pince-Masse
10%
Capacités sonores Normal Ultrason
10%
Capacités à priorité Combat Vendetta
10%
Capacités à priorité Vol Bec-Canon
9%
Capacités à balles Vol Bec-Canon
9%
Capacités à haut taux de critiques Vol Coupe-Vent
9%
Capacités à balles Plante Éco-Sphère
9%
Capacités à balles Électrik Élecanon
9%
Capacités à balles Acier Gyroballe
9%
Capacités à priorité Combat Prévention
9%
Capacités à haut taux de critiques Poison Queue-Poison
9%
Capacités sonores Normal Ronflement
9%
Capacités à haut taux de critiques Dragon Spatio-Rift
9%
Capacités à balles Acier Bombe Aimant
8%
Capacités à contrecoup Obscur Charge Noire
8%
Capacités à mâchoires Eau Banchicrok
7%
Capacités sonores Ténèbres Dernier Mot
7%
Capacités à priorité Normal Patience
7%
Capacités bloquantes Plante Troquenard
7%
Capacités à haut taux de critiques Sol Tunnelier
7%
Capacités de climat Sol Amass'Sable
6%
Capacités à priorité Psy Interversion
6%
Capacités à priorité Insecte Poudre Fureur
6%
Capacités sonores Normal Râle Mâle
6%
Capacités à priorité Ténèbres Saisie
6%
Capacités à priorité Normal Ténacité
6%
Capacités à balles Poison Bombe Acide
5%
Capacités à balles Normal Bombe Œuf
5%
Capacités sonores Dragon Dracacophonie Flamboyante
5%
Capacités à haut taux de critiques Feu Pied Brûleur
5%
Capacités à haut taux de critiques Insecte Appel Attak
4%
Capacités à priorité Électrik Déluge Plasmique
4%
Capacités sonores Normal Glas de Soin
4%
Capacités à balles Feu Incendie
4%
Capacités à priorité Insecte Nuée de Poudre
4%
Capacités à haut taux de critiques Eau Tir de Précision
4%
Capacités à priorité Fée Vigilance
4%
Capacités à haut taux de critiques Obscur Aéro Noir
3%
Capacités de climat Obscur Ciel Noir
3%
Capacités sonores Normal Confidence
3%
Capacités à contrecoup Obscur Retour Noir
3%
Capacités à contrecoup Normal Lutte
2%
Capacités à balles Eau Octazooka
2%
Capacités à priorité Normal Projecteur
2%
Capacités à priorité Psy Reflet Magik
2%
Capacités à priorité Fée Regarde Touchant
2%
Capacités sonores Psy Sort Sinistre
2%
Capacités à haut taux de critiques Électrik Giga-Tonnerre
1%
Aucun quiz correspondant
Distribution des résultats
% des personnes avec chaque résultat
Percentile par nombre de réponses
Votre historique - résultats
Vous n’avez pas pris ce quiz depuis la dernière actualisation